Los posgrados universitarios en la República Argentina

Salvato in:
Dettagli Bibliografici
Autore principale: Barsky, Osvaldo (Autore)
Natura: Libro
Lingua:spagnolo
Pubblicazione: Buenos Aires Troquel 1997
Edizione:1a. ed
Soggetti:
Tags: Aggiungi Tag
Nessun Tag, puoi essere il primo ad aggiungerne!!

MARC

LEADER 00000cam a2200000 a 4500
001 UCF0789
003 CL-VaPUC
008 120607e19970000AG |||||||||||||||||spa|d
020 |a 950163082X 
082 0 4 |a 378.25  |b BAR  |2 21 
100 0 |a Barsky, Osvaldo  |e author  |9 562509 
245 1 4 |a Los posgrados universitarios en la República Argentina 
250 |a 1a. ed 
300 |a 240 p 
942 |c BK 
945 |d 20120607 00:00:00  |a dcastane 
260 |a Buenos Aires  |b Troquel  |c 1997 
650 0 |a Universidades  |9 256317 
650 0 |a Educación superior   |9 223851 
650 0 |a Egresados universitarios  |9 557064 
650 7 |a POSGRADOS  |2 CL-VaPUC  |9 557171 
651 0 |a Argentina  |9 254888 
583 |a last modification  |c 20130325 02:18:42  |k Rodrigo Vera 
999 |c 347922  |d 347920 
952 |0 0  |1 0  |4 0  |6 378_250000000000000_BAR_1997  |7 0  |8 ED_SUP  |9 449667  |a BIBGIM  |b BIBGIM  |c S_PSTGRDO  |d 2019-11-22  |i 4852842  |o 378.25 BAR 1997  |p 4852842  |r 2025-01-15  |w 2019-11-22  |y BK  |k ESU